Normal view MARC view
  • Synthetic aperture radar

Entry Topical Term

Number of records used in: 1

001 - CONTROL NUMBER

  • control field: 97090

003 - CONTROL NUMBER IDENTIFIER

  • control field: NUST

005 - DATE AND TIME OF LATEST TRANSACTION

  • control field: 20220815093642.0

008 - FIXED-LENGTH DATA ELEMENTS

  • fixed length control field: 220815|| aca||aabn | a|a d

040 ## - CATALOGING SOURCE

  • Original cataloging agency: NUST
  • Transcribing agency: NUST

150 ## - HEADING--TOPICAL TERM

  • Topical term or geographic name entry element: Synthetic aperture radar

670 ## - SOURCE DATA FOUND

  • Source citation: Work cat.: (NUST)175829: Sullivan, Roger J. 56703, Radar foundations for imaging and advanced concepts /, c2004.
© 2023 Central Library, National University of Sciences and Technology. All Rights Reserved.